Eugenia grandet /
Guardado en:
| Autor Principal: | |
|---|---|
| Formato: | Libro |
| Publicado: |
Madrid :
Alba,
1999
|
| Materias: | |
| Etiquetas: |
Agregar Etiqueta
Sin Etiquetas, Sea el primero en etiquetar este registro!
|
| LEADER | 00545nam a22001815a 4500 | ||
|---|---|---|---|
| 001 | EHU.bham027621 | ||
| 003 | AR-BHAM | ||
| 005 | 20110511142425.0 | ||
| 008 | 130507s1999##################000#0#####d | ||
| 082 | 8 | 4 | |a 843.7 |
| 100 | 1 | |a Balzac, Honore De | |
| 245 | 1 | 0 | |a Eugenia grandet / |c Honore De Balzac |
| 260 | |a Madrid : |b Alba, |c 1999 | ||
| 300 | |a 253 p. | ||
| 500 | |a Incluye cronología de vida y obra de Balzac | ||
| 653 | |a Literatura francesa | ||
| 653 | |a Novela francesa-1816-1848 | ||
| 859 | |a AR-BHAM |b BIB. HUMANIDADES - General |h 843.7 |i B219-5 |p 1497.04 |t Ej.1 | ||
